• 首页
  • 本馆介绍
  • 公告通知
  • 最新文献
  • 馆藏检索
  • 电子资源
  • 读者导购
  • 参考咨询
  • 我的图书馆
  • 登录
  • 详细信息显示
  • 放入我的书架
  • 预约/预借图书
  • 作者相关作品
  • 分类相关作品
  • 丛书相关作品
  • 出版社相关作品

书目信息

  • 表格格式
  • 工作单格式
  • 卡片格式
题名:
口腔科手册
    
 
作者: 上海第二医学院口腔系
分册:  
出版信息:   上海科学技术出版社  1986.05
页数: 782页
开本: 32开
丛书名:
单 册:
中图分类: R78-62
科图分类:
主题词: 口腔科学
电子资源:
ISBN: 978-7-03-021538-3
000 00552nam0 2200181 45
001 9911301546
005 19991130154102.7
010    @a978-7-03-021538-3@d3.95
100    @a19991130d1986 km y0chiy0120 ea
101    @achi
105    @a z 000yy
200 1  @a口腔科手册@AKou Qiang Ke Shou Ce@f上海第二医学院口腔系@FShang Hai Di Er Yi Xue Yuan Kou Qiang Xi
210    @c上海科学技术出版社@d1986.05
215    @a782页@c无图表@d32开
606 0  @a口腔科学
690    @aR78-62@v3
801    @aCN@bPerfectUser@c19991130
905    @aBZT@b23047-049@f3@dR78-62@e1
    
    口腔科手册/上海第二医学院口腔系.-上海科学技术出版社,1986.05
    782页:无图表;32开
    
    
    ISBN 978-7-03-021538-3:3.95
    
●
相关链接 在五车中查询图书 在当当中查询图书 在豆瓣中查询图书


正题名:口腔科手册     索取号:R78-62/1         预约/预借

序号 登录号 条形码 馆藏地/架位号 状态 备注
1 23047   200606200   中心书库中库/ 中库014架B面6列4层33/ [索取号:R78-62/1] 在馆    
2 23049   200606193   中心书库中库/ 中库014架B面6列4层34/ [索取号:R78-62/1] 在馆    
山东省滨州职业学院图书馆 欢迎您!
大连网信软件有限公司© 版权所有